|
|
|
|
| LEADER |
00000nam a2200000 4500 |
| 001 |
vtls011971525 |
| 003 |
SK-MaSNL |
| 005 |
20260302024254.0 |
| 008 |
251112s1606 gw f 010 0 lat |
| 015 |
|
|
|a SNBHFA1606
|
| 040 |
|
|
|a SNKHF
|b slo
|c SNKHF
|e rda
|
| 041 |
0 |
|
|a lat
|
| 044 |
|
|
|a gw
|c DE
|
| 072 |
|
7 |
|a 378
|x Vysoké školy
|2 konspekt
|
| 080 |
|
|
|a 82‑991
|2 2011
|
| 080 |
|
|
|a (043.3)
|2 2011
|
| 080 |
|
|
|a 2‑21
|2 2011
|
| 100 |
1 |
|
|a Fleischer, Joachim,
|d 1587-1645
|4 aut
|4 dis
|4 dto
|9 422982
|
| 245 |
1 |
0 |
|a Disputatio III. De Eucharistia Calvinianorum
|b Complectens totius articuli primi, Libelli Visitatorij
|c Quam Adspirante Spiritus sancti gratiâ Sub Praesidio Dn. Friderici Balduini, SS. Theol. Doct. & Professoris publici, in celeberrimâ Academia VVitebergensi, privati exercitij gratiâ proponit ; M. Joachimus Fleisserus, Vratislaviensis. Ad diem 8. Novemb.
|
| 264 |
|
1 |
|a VVitebergae
|b Typis Cratonianis
|c 1606
|
| 264 |
|
3 |
|a VVitebergae
|b per Iohannem Gorman
|c 1606
|
| 300 |
|
|
|a 12 nečíslovaných listov
|c 4°
|
| 336 |
|
|
|a text
|b txt
|2 rdacontent
|
| 337 |
|
|
|a bez média
|b n
|2 rdamedia
|
| 338 |
|
|
|a zväzok
|b nc
|2 rdacarrier
|
| 500 |
|
|
|a Vinety, vlysy, iniciálka s ornamentálnym pozadím vo voľnom priestore na 6 riadkov, titulný list v ornamentálno-figurálnom ráme, text knihy v linajkovom ráme
|
| 501 |
|
|
|a Príväzok 8. k: LUCIUS, Johann Gottlieb. Disputatio Inauguralis De Convivificatione Fidelium In Christo. Lipsiae: Typis Immanuelis Titii, 1698.
|5 SNK ID 103078
|
| 502 |
|
|
|c Dizertačná práca (Doktor) -- Univerzita vo Wittenbergu, Wittenberg, 1606.
|
| 504 |
|
|
|a Kustody
|
| 508 |
|
|
|a Dedikácia: Fleischer, Joachim; Scholz, Christoph; Vierling, Franz; Pollio, Joachim; Wigand, Jeremias;
|
| 510 |
4 |
|
|a VD 17
|c 23:632464E
|
| 546 |
|
|
|a Latinčina
|b Antikva
|b Kurzíva
|
| 561 |
|
|
|a Z knižnice Učenej spoločnosti malohontskej.
|5 SNK ID 103078/prív.8
|
| 650 |
0 |
7 |
|a dizertácie
|2 SNKPH
|9 4040
|
| 650 |
0 |
7 |
|a teológia
|2 SNKPH
|9 1814
|
| 650 |
0 |
7 |
|a záverečné práce
|2 SNKPH
|9 75084
|
| 700 |
1 |
|
|a Wigand, Jeremias,
|d zomrel 1610
|4 hnr
|9 672071
|
| 700 |
1 |
|
|a Scholz, Christoph,
|d 1561-1611
|4 hnr
|9 672072
|
| 700 |
1 |
|
|a Balduin, Friedrich,
|d 1575-1627
|4 ths
|9 306300
|
| 700 |
1 |
|
|a Gormann, Johann,
|d zomrel 1628
|4 prt
|9 177129
|
| 700 |
1 |
|
|a Krafft, Johann,
|c mladší,
|d 1566-1614
|4 pbl
|9 50477
|
| 700 |
1 |
|
|a Vierling, Franz,
|d 1538-1611
|4 hnr
|9 195865
|
| 700 |
1 |
|
|a Pollio, Joachim,
|d 1577-1644
|4 hnr
|9 356830
|
| 710 |
2 |
|
|a Učená spoločnosť malohontská
|4 fmo
|9 205374
|
| 710 |
0 |
|
|a Gormann, Johann (Wittenberg, Nemecko)
|4 prt
|9 349068
|
| 710 |
0 |
|
|a Krafft, Johann mladší (Wittenberg, Nemecko),
|d 1590-1614
|4 pbl
|9 183529
|
| 710 |
2 |
|
|a Univerzita (Wittenberg, Nemecko)
|4 oth
|9 370039
|
| 752 |
|
|
|a Nemecko
|d Wittenberg
|
| 852 |
|
|
|a snk
|b Historické fondy
|p ID 103078/prív.8
|
| 958 |
|
|
|a DA
|
| 958 |
|
|
|a ONDV
|
| 999 |
|
|
|c 1039899
|d 1041829
|
| 952 |
|
|
|t MHC 1581
|a SNK
|b SNK
|c SNK_HF
|y PREZ
|7 0
|p 17A1358197
|o snkID 103078/prív.8
|i snk2020/9378
|8 5
|z 8. príväzok
|0 0
|1 0
|4 0
|d 2020-06-03
|l 0
|r 2026-02-24 14:20:48
|w 2026-02-24
|